Innominate Elements - Statistics

General Stats
  • This quiz has been taken 54 times
  • The average score is 10 of 15
Answer Stats
Hint Answer % Correct
A Acetabulum
100%
M (portion of bone) Ilium
100%
N (portion of bone) Ischium
100%
E Lunate surface
100%
O (portion of bone) Pubis
100%
F Iliac crest
83%
H Greater sciatic notch
67%
J Lesser sciatic notch
67%
B Iliac fossa
50%
I Ischial spine
50%
K Obturator foramen
50%
C Arcuate line
33%
G Auricular surface
33%
L Ischial tuberosity
33%
D Pubic symphysis
33%
No matching quizzes found
Score Distribution
Percent of People with Each Score
Percentile by Number Answered
Your Score History
You have not taken this quiz